Writing true stories : (Record no. 4074)

MARC details
000 -LEADER
fixed length control field 01185nam a22002057a 4500
001 - CONTROL NUMBER
control field 4074
003 - CONTROL NUMBER IDENTIFIER
control field FISKH
005 - DATE AND TIME OF LATEST TRANSACTION
control field 20240605134639.0
008 - FIXED-LENGTH DATA ELEMENTS--GENERAL INFORMATION
fixed length control field 240605b cb ||||| |||| 00| 0 eng d
020 ## - INTERNATIONAL STANDARD BOOK NUMBER
International Standard Book Number 9781760293086
040 ## - CATALOGING SOURCE
Original cataloging agency FISKH
Language of cataloging eng
Transcribing agency FISKH
Modifying agency FISKH
050 ## - LIBRARY OF CONGRESS CALL NUMBER
Classification number PN147.M555
082 ## - DEWEY DECIMAL CLASSIFICATION NUMBER
Classification number 808.042
100 ## - MAIN ENTRY--PERSONAL NAME
Personal name Miller, Patti
245 ## - TITLE STATEMENT
Title Writing true stories :
Statement of responsibility, etc. Patti Miller
260 ## - PUBLICATION, DISTRIBUTION, ETC.
Place of publication, distribution, etc. New York :
Name of publisher, distributor, etc. Routledge,
Date of publication, distribution, etc. 2017
300 ## - PHYSICAL DESCRIPTION
Extent 342 pages :
Dimensions 24 cm
520 ## - SUMMARY, ETC.
Summary, etc. "Patti Miller is the most well-regarded and experienced memoir teacher in Australia. And Writing True Stories is the culmination of her experience as an award-winning non-fiction writer as well as an acclaimed memoir teacher. Writing True Stories is invaluable for anyone who has ever wanted to write their own memoir or their family's history. Patti Miller has included writing exercises, examples and readings to help each writer accumulate the skills necessary to write their stories in a fascinating and engaging way. The book is organized in a graded development of writing experience and will be used by beginning writing students and more advanced writers." -- from Library Thing
942 ## - ADDED ENTRY ELEMENTS (KOHA)
Source of classification or shelving scheme Dewey Decimal Classification
Koha item type Books
Suppress in OPAC No
Holdings
Withdrawn status Lost status Source of classification or shelving scheme Damaged status Not for loan Collection Home library Current library Shelving location Date acquired Total Checkouts Full call number Barcode Date last seen Price effective from Koha item type Public note
    Dewey Decimal Classification     Non-Fiction Footprints International School Library Network Toul Kork Campus Footprints International School Library Network Toul Kork Campus TK New Addition Display Table 06/05/2024   MIL 808.042 PN147.M555 2024-0805 06/05/2024 06/05/2024 Books Donated by Open Book Library 1, Phnom Penh